[Event "March of Kings"]
[Site "Calgary CAN"]
[Date "2013.03.10"]
[Round "4"]
[White "Zeggelaar, Mike"]
[Black "Shi, Diwen"]
[Result "0-1"]
[WhiteElo "1991"]
[BlackElo "1913"]
[PlyCount "54"]
[GameId "2160767909381394"]
[EventDate "2013.03.09"]
[EventType "swiss"]
[EventRounds "5"]
[EventCountry "CAN"]
[SourceTitle "EXT 2022"]
[Source "ChessBase"]
[SourceDate "2021.10.06"]
[SourceVersion "1"]
[SourceVersionDate "2021.10.06"]
[SourceQuality "1"]

1. d4 Nf6 2. Nf3 e6 3. e3 b6 4. c4 Bb7 5. Nc3 Bb4 6. a3 Bxc3+ 7. bxc3 O-O 8. Bd3 Ne4 9. Qc2 f5 10. O-O d6 11. Bb2 Nd7 12. Rae1 Qe8 13. Nd2 Nxd2 14. Qxd2 e5 15. e4 f4 16. f3 Qh5 17. Qf2 Rf6 18. h3 Rg6 19. Kh2 Rg3 20. c5 bxc5 21. Bc4+ Kh8 22. Be6 Nf8 23. Bg4 Qh4 24. dxe5 h5 25. Bc1 dxe5 26. Bf5 Ba6 27. Rg1 Rxh3+ 0-1

[Event "March of Kings"]
[Site "Calgary CAN"]
[Date "2013.03.10"]
[Round "5"]
[White "Bogoev, Yassen"]
[Black "Beddoes, Richard"]
[Result "1-0"]
[WhiteElo "1840"]
[BlackElo "1671"]
[PlyCount "78"]
[GameId "2160767909381395"]
[EventDate "2013.03.09"]
[EventType "swiss"]
[EventRounds "5"]
[EventCountry "CAN"]
[SourceTitle "EXT 2022"]
[Source "ChessBase"]
[SourceDate "2021.10.06"]
[SourceVersion "1"]
[SourceVersionDate "2021.10.06"]
[SourceQuality "1"]

1. e4 c5 2. Nf3 Nc6 3. Nc3 Nf6 4. d4 cxd4 5. Nxd4 e5 6. Ndb5 d6 7. Bg5 a6 8. Na3 b5 9. Nd5 Be7 10. Bxf6 Bxf6 11. c3 Bg5 12. Nc2 f5 13. Bd3 Be6 14. Ndb4 Nxb4 15. Nxb4 O-O 16. exf5 Qf6 17. O-O Bxf5 18. Bxf5 Qxf5 19. Qd5+ Kh8 20. Rad1 h6 21. Nc6 Rac8 22. Qxd6 Qc2 23. Nxe5 Rf6 24. Qd3 Qxb2 25. Ng6+ Rxg6 26. Qxg6 Rxc3 27. Rfe1 Rc8 28. Re8+ Rxe8 29. Qxe8+ Kh7 30. Qe4+ Kg8 31. Qe6+ Kh7 32. Qxa6 Qc2 33. Rf1 b4 34. Qe6 Bd2 35. Qe2 Qc3 36. h4 b3 37. axb3 Qa5 38. Rd1 Bc3 39. Qd3+ Kh8 1-0

[Event "March of Kings"]
[Site "Calgary CAN"]
[Date "2013.03.10"]
[Round "5"]
[White "Kazmaier, Daniel"]
[Black "Robichaud, Martin"]
[Result "1-0"]
[WhiteElo "2285"]
[BlackElo "2206"]
[PlyCount "96"]
[GameId "2160767909381396"]
[EventDate "2013.03.09"]
[EventType "swiss"]
[EventRounds "5"]
[EventCountry "CAN"]
[SourceTitle "EXT 2022"]
[Source "ChessBase"]
[SourceDate "2021.10.06"]
[SourceVersion "1"]
[SourceVersionDate "2021.10.06"]
[SourceQuality "1"]

1. e4 e5 2. Nc3 Nf6 3. g3 Nc6 4. Bg2 d6 5. Nge2 h5 6. h4 Be6 7. d4 Bg4 8. f3 exd4 9. Nxd4 Bd7 10. Bg5 Be7 11. Qd2 Ne5 12. O-O-O c5 13. Nf5 Bxf5 14. exf5 Qb6 15. Nd5 Nxd5 16. Qxd5 f6 17. Bd2 O-O-O 18. Bc3 Rhe8 19. f4 Nc6 20. Qf7 Bf8 21. Rhe1 Qc7 22. Qxh5 Rxe1 23. Bxe1 Nd4 24. Bf2 Qa5 25. Bxd4 cxd4 26. Qf7 d5 27. Qe6+ Kb8 28. Kb1 Rd6 29. Qe1 Qb6 30. Qg1 Rd8 31. Qxd4 Bc5 32. Qa4 Bf2 33. Rxd5 Bxg3 34. Rxd8+ Qxd8 35. a3 Bxh4 36. Qb3 Qd7 37. Ka2 Bf2 38. Qg8+ Kc7 39. Qc4+ Kb8 40. Qg8+ Kc7 41. Bd5 Be3 42. Be6 Qe7 43. Qc8+ Kb6 44. Qc3 Qc5 45. Qb3+ Kc7 46. Bd5 Qb6 47. Qc4+ Qc5 48. Qe4 Qd6 1-0

[Event "March of Kings"]
[Site "Calgary CAN"]
[Date "2013.03.10"]
[Round "5"]
[White "Nguyen, Kim"]
[Black "Daniluk, Jim"]
[Result "0-1"]
[WhiteElo "2204"]
[BlackElo "2048"]
[PlyCount "40"]
[GameId "2160767909381397"]
[EventDate "2013.03.09"]
[EventType "swiss"]
[EventRounds "5"]
[EventCountry "CAN"]
[SourceTitle "EXT 2022"]
[Source "ChessBase"]
[SourceDate "2021.10.06"]
[SourceVersion "1"]
[SourceVersionDate "2021.10.06"]
[SourceQuality "1"]

1. e4 c5 2. Nf3 Nc6 3. Bb5 g6 4. O-O Bg7 5. Nc3 Nd4 6. Bc4 d6 7. h3 e6 8. d3 Ne7 9. Nxd4 cxd4 10. Ne2 d5 11. exd5 Nxd5 12. Nf4 Nf6 13. Bb3 e5 14. Ne2 O-O 15. f4 Be6 16. c3 Bxb3 17. axb3 dxc3 18. bxc3 Nd5 19. fxe5 Bxe5 20. d4 Nxc3 0-1

[Event "March of Kings"]
[Site "Calgary CAN"]
[Date "2013.03.10"]
[Round "5"]
[White "Robertson, Trevor"]
[Black "Bogoev, Yassen"]
[Result "0-1"]
[WhiteElo "1548"]
[BlackElo "1840"]
[PlyCount "44"]
[GameId "2160767909381398"]
[EventDate "2013.03.09"]
[EventType "swiss"]
[EventRounds "5"]
[EventCountry "CAN"]
[SourceTitle "EXT 2022"]
[Source "ChessBase"]
[SourceDate "2021.10.06"]
[SourceVersion "1"]
[SourceVersionDate "2021.10.06"]
[SourceQuality "1"]

1. d4 d5 2. c4 c6 3. cxd5 cxd5 4. Nc3 Nc6 5. Nf3 Nf6 6. e3 e6 7. Bd3 Bd6 8. O-O O-O 9. a3 Bd7 10. e4 dxe4 11. Nxe4 Be7 12. Nxf6+ Bxf6 13. Be4 Qb6 14. d5 exd5 15. Qxd5 Rad8 16. Qa2 Rfe8 17. Qb1 h6 18. Qc2 Nd4 19. Nxd4 Bxd4 20. Bf3 Bb5 21. Bd2 Bxf1 22. Kxf1 Bxf2 0-1

[Event "Mauricie op U2000"]
[Site "Trois-Rivieres CAN"]
[Date "2013.03.15"]
[Round "1"]
[White "Morin, Louis"]
[Black "Marcouiller, David"]
[Result "1-0"]
[WhiteElo "1855"]
[BlackElo "1621"]
[PlyCount "155"]
[GameId "2160767909373120"]
[EventDate "2013.03.15"]
[EventType "swiss"]
[EventRounds "5"]
[EventCountry "CAN"]

1. e4 Nf6 2. Nc3 d5 3. e5 d4 4. exf6 dxc3 5. fxg7 cxd2+ 6. Qxd2 Qxd2+ 7. Bxd2 Bxg7 8. O-O-O Bd7 9. Bc4 Nc6 10. Nf3 Ne5 11. Nxe5 Bxe5 12. Rhe1 Bd6 13. Bc3 Rg8 14. Bd5 O-O-O 15. Be5 Bc5 16. Bg3 e6 17. Bf3 Be7 18. Rd3 Bb5 19. Rb3 Bg5+ 20. Kb1 Ba6 21. Rc3 Rd7 22. Rd1 Rgd8 23. Rxd7 Rxd7 24. a4 Bd2 25. Rc5 b6 26. Re5 Bb7 27. Bxb7+ Kxb7 28. c3 Rd5 29. Re2 Bh6 30. Kc2 c5 31. c4 Rd7 32. f3 Bg7 33. b3 Kc6 34. Re4 Rd4 35. Re2 a6 36. Bf2 Rd6 37. Re4 Bh6 38. Be1 Rd4 39. Re5 Rf4 40. Rh5 Rf6 41. a5 b5 42. Bf2 Rg6 43. Rxc5+ Kd6 44. g3 Rg5 45. Rxg5 Bxg5 46. cxb5 axb5 47. a6 Kc6 48. a7 Kb7 49. Bc5 Bf6 50. Kd3 Bb2 51. Ke4 f5+ 52. Kf4 h6 53. g4 fxg4 54. fxg4 Bf6 55. Ke4 Ka8 56. Bd4 Bd8 57. Ke5 Bc7+ 58. Kxe6 Bxh2 59. Be3 Bc7 60. Kf5 Bd6 61. Kg6 Bf8 62. Kf7 Bb4 63. Kg7 Bc3+ 64. Kxh6 Bh8 65. g5 Be5 66. g6 Kb7 67. g7 Bxg7+ 68. Kxg7 Ka8 69. Kf6 Kb7 70. Ke6 Ka8 71. Kd5 Kb7 72. Kc5 Ka8 73. Kxb5 Kb7 74. a8=Q+ Kxa8 75. Ka6 Kb8 76. b4 Ka8 77. b5 Kb8 78. b6 1-0

[Event "Mauricie op U2000"]
[Site "Trois-Rivieres CAN"]
[Date "2013.03.16"]
[Round "2"]
[White "Morin, Louis"]
[Black "Authier, Alain"]
[Result "1-0"]
[WhiteElo "1855"]
[BlackElo "1921"]
[PlyCount "59"]
[GameId "2160767909373121"]
[EventDate "2013.03.15"]
[EventType "swiss"]
[EventRounds "5"]
[EventCountry "CAN"]

1. e4 c5 2. d4 cxd4 3. c3 dxc3 4. Nxc3 e6 5. Nf3 Nc6 6. Bc4 Bb4 7. O-O a6 8. Qe2 b5 9. Bb3 Nge7 10. Bg5 h6 11. Be3 O-O 12. Rac1 Bb7 13. Rfd1 Qc7 14. Qd2 Kh7 15. Qxd7 Qxd7 16. Rxd7 Bc8 17. Rdd1 Na5 18. Bc2 Nc4 19. e5+ g6 20. Be4 Nxe3 21. Bxa8 Nxd1 22. Rxd1 Bxc3 23. bxc3 a5 24. Be4 f5 25. exf6 Rxf6 26. Rd8 Kg7 27. Ne5 g5 28. Re8 Rf8 29. Rxe7+ Kf6 30. Nc6 1-0

[Event "Mauricie op U2000"]
[Site "Trois-Rivieres CAN"]
[Date "2013.03.16"]
[Round "3"]
[White "Kuehne, Jonathan"]
[Black "Morin, Louis"]
[Result "1-0"]
[WhiteElo "1852"]
[BlackElo "1855"]
[PlyCount "81"]
[GameId "2160767909373122"]
[EventDate "2013.03.15"]
[EventType "swiss"]
[EventRounds "5"]
[EventCountry "CAN"]

1. d4 e5 2. dxe5 Nc6 3. Nf3 Qe7 4. Bf4 Qb4+ 5. Bd2 Qxb2 6. Nc3 Bb4 7. Rb1 Qa3 8. Nd5 Ba5 9. Rb5 Bxd2+ 10. Qxd2 Kd8 11. Ng5 Nh6 12. f4 a6 13. Rb3 Qa5 14. Nc3 b5 15. a3 Bb7 16. e3 Na7 17. e6 d6 18. exf7 Kd7 19. Bd3 Raf8 20. Bxh7 Nxf7 21. Bf5+ Ke8 22. Bg6 Nc8 23. O-O Ne7 24. Bxf7+ Rxf7 25. Nxf7 Kxf7 26. e4 Qb6+ 27. Rf2 c5 28. Nd5 Nxd5 29. exd5 Qd8 30. Re2 Bc8 31. Rbe3 Bg4 32. Re1 Qh4 33. h3 Bd7 34. Qe2 Qd8 35. Re7+ Kf8 36. f5 Rh4 37. Qf2 Rd4 38. f6 g5 39. Qf3 Rh4 40. Qe3 Rf4 41. Rf1 1-0

[Event "Mauricie op U2000"]
[Site "Trois-Rivieres CAN"]
[Date "2013.03.17"]
[Round "4"]
[White "Lalonde, Jean-Louis"]
[Black "Morin, Louis"]
[Result "0-1"]
[WhiteElo "1833"]
[BlackElo "1855"]
[PlyCount "110"]
[GameId "2160767909373123"]
[EventDate "2013.03.15"]
[EventType "swiss"]
[EventRounds "5"]
[EventCountry "CAN"]

1. d4 d6 2. e4 Nf6 3. Bd3 e5 4. c3 Be7 5. f4 Nbd7 6. Nf3 O-O 7. O-O c6 8. b4 Re8 9. Kh1 Bf8 10. fxe5 dxe5 11. Bg5 exd4 12. cxd4 h6 13. e5 hxg5 14. Nxg5 Nxe5 15. dxe5 Bg4 16. Qb3 Rxe5 17. Qxf7+ Kh8 18. Rxf6 Qxf6 19. Qxf6 gxf6 20. Nf7+ Kg7 21. Nxe5 fxe5 22. h3 Rd8 23. Bc2 Bxb4 24. a3 Bc5 25. Ra2 Bd4 26. Nd2 Be6 27. Bb3 Bxb3 28. Nxb3 Bb6 29. Nd2 Rd4 30. g4 Kf6 31. Kg2 e4 32. Nf1 Rd3 33. a4 Kg5 34. Ng3 Kf4 35. Nh5+ Ke3 36. g5 Rd2+ 37. Rxd2 Kxd2 38. g6 Bd4 39. Ng3 e3 40. Kf3 b5 41. axb5 cxb5 42. Nf1+ Kd3 43. Nxe3 b4 44. h4 b3 45. Nd1 Kd2 46. Ke4 Bg7 47. Ne3 a5 48. h5 a4 49. Nc4+ Kc3 50. Kd5 b2 51. Nxb2 a3 52. Ke6 axb2 53. Kf7 Bh6 54. g7 b1=Q 55. g8=Q Qb3+ 0-1

[Event "Mauricie op U2000"]
[Site "Trois-Rivieres CAN"]
[Date "2013.03.17"]
[Round "5"]
[White "Morin, Louis"]
[Black "Morissette, Jean"]
[Result "1-0"]
[WhiteElo "1855"]
[BlackElo "1874"]
[PlyCount "47"]
[GameId "2160767909373124"]
[EventDate "2013.03.15"]
[EventType "swiss"]
[EventRounds "5"]
[EventCountry "CAN"]

1. e4 Nf6 2. Nc3 d5 3. e5 Nfd7 4. e6 fxe6 5. d4 Nf6 6. Nf3 c5 7. dxc5 Qa5 8. Be3 Nc6 9. Bb5 Ne4 10. Bxc6+ bxc6 11. O-O Nxc5 12. Ne5 g6 13. Qf3 Bb7 14. Qf7+ Kd8 15. Bd4 Bg7 16. Qxg7 Re8 17. a3 Nd7 18. b4 Qc7 19. Nf7+ Kc8 20. Be5 Qb6 21. Rfe1 Rf8 22. Na4 Qb5 23. Nc5 Nxc5 24. Nd6+ 1-0

[Event "Michael Schleifer B"]
[Site "Trois-Rivieres CAN"]
[Date "2013.03.11"]
[Round "1"]
[White "Lemyre, Jasmin"]
[Black "Dubois, Lise"]
[Result "1/2-1/2"]
[WhiteElo "1320"]
[BlackElo "1163"]
[PlyCount "109"]
[GameId "2160767909373125"]
[EventDate "2013.03.11"]
[EventType "swiss"]
[EventRounds "6"]
[EventCountry "CAN"]

1. e4 e5 2. Nf3 Nc6 3. Bb5 d6 4. d4 Bd7 5. d5 Nce7 6. a4 Nf6 7. Nbd2 Nc8 8. O-O Be7 9. Ne1 O-O 10. f4 c6 11. fxe5 Qb6+ 12. Kh1 Ng4 13. Nd3 cxb5 14. e6 fxe6 15. Rxf8+ Bxf8 16. Qxg4 Qc7 17. dxe6 Be8 18. c3 Ne7 19. axb5 Bxb5 20. Nb4 Ng6 21. Nf3 Be2 22. Be3 Be7 23. Nd5 Qd8 24. Rxa7 Rxa7 25. Bxa7 Qa5 26. Nxe7+ Nxe7 27. Bd4 Qa1+ 28. Bg1 Bc4 29. Nd4 b5 30. Nf5 Nxf5 31. exf5 Qxb2 32. Qf3 d5 33. h3 Qb1 34. Kh2 b4 35. Qh5 g6 36. fxg6 Qxg6 37. Qxg6+ hxg6 38. cxb4 Kf8 39. Bc5+ Ke8 40. Kg3 d4 41. Bxd4 Bxe6 42. b5 Kd7 43. Kf4 Kc7 44. Kg5 Bf5 45. g4 Bd3 46. b6+ Kb7 47. h4 Be2 48. Kf4 Bd1 49. g5 Bc2 50. Ke5 Bd3 51. Kf6 Bc2 52. Kg7 Bd3 53. Kh6 Be4 54. h5 gxh5 55. g6 1/2-1/2

[Event "Mini-COQ"]
[Site "Montreal CAN"]
[Date "2013.07.20"]
[Round "2"]
[White "Chaves, Christopher"]
[Black "Struben, Jeroen"]
[Result "0-1"]
[WhiteElo "1537"]
[BlackElo "1558"]
[PlyCount "118"]
[GameId "2160767909305400"]
[EventDate "2013.07.20"]
[EventType "swiss"]
[EventRounds "4"]
[EventCountry "CAN"]

1. e4 d6 2. d4 Nf6 3. Nc3 g6 4. Nf3 Bg7 5. Be2 O-O 6. O-O c6 7. h3 Nbd7 8. Be3 b6 9. Qd2 Bb7 10. Bh6 e5 11. Bxg7 Kxg7 12. Bd3 exd4 13. Nxd4 Ne5 14. f4 Nxd3 15. cxd3 c5 16. Nc2 Qd7 17. f5 Rae8 18. Rae1 Re5 19. Qf4 Nh5 20. f6+ Kg8 21. Qh6 Re6 22. Qg5 Qd8 23. Rf2 Rxf6 24. g4 Rxf2 25. Qxd8 Rxd8 26. Kxf2 Nf4 27. Re3 a6 28. Kg3 Ne6 29. h4 Kg7 30. g5 b5 31. b4 Nd4 32. Ne1 cxb4 33. Ne2 Nxe2+ 34. Rxe2 Rc8 35. Rb2 Rc1 36. Kf2 a5 37. Ke2 Rc3 38. Kd2 f6 39. Nf3 Bc6 40. Nd4 Bd7 41. Nb3 a4 42. Nd4 fxg5 43. hxg5 Rc5 44. Nf3 Bg4 45. Nd4 Rxg5 46. Rxb4 Bd7 47. Kc3 h5 48. Rb2 h4 49. Nf3 Rh5 50. Rh2 h3 51. d4 g5 52. Ng1 g4 53. Ne2 Rh6 54. Kd3 Rf6 55. Kd2 Rf3 56. Kc2 g3 57. Rh1 Rf2 58. Kd3 g2 59. Rh2 Rxe2 0-1

[Event "Mini-COQ"]
[Site "Montreal CAN"]
[Date "2013.07.20"]
[Round "2"]
[White "Chaves, Mark"]
[Black "Jacques, Simon"]
[Result "1-0"]
[WhiteElo "1539"]
[BlackElo "1554"]
[PlyCount "55"]
[GameId "2160767909305401"]
[EventDate "2013.07.20"]
[EventType "swiss"]
[EventRounds "4"]
[EventCountry "CAN"]

1. e4 d5 2. exd5 Nf6 3. d4 Nxd5 4. c4 Nb4 5. a3 N4c6 6. Be3 Nd7 7. Nf3 Nf6 8. h3 Bf5 9. d5 Nb8 10. Nc3 c6 11. Qb3 Qc7 12. Rc1 Nbd7 13. Be2 e6 14. Nd4 Nc5 15. Qd1 Bd6 16. Nxf5 exf5 17. Bxc5 Bxc5 18. b4 Bd6 19. c5 Bf4 20. d6 Qd7 21. Rc2 Qe6 22. O-O Rd8 23. Re1 Kf8 24. Bd3 Qc8 25. Rce2 g6 26. Re7 Rd7 27. Bc4 Qd8 28. Qd4 1-0

[Event "Mini-COQ"]
[Site "Montreal CAN"]
[Date "2013.07.20"]
[Round "2"]
[White "Corriveau, Philippe"]
[Black "Gueorguiev, Valentin"]
[Result "1-0"]
[WhiteElo "1994"]
[BlackElo "1943"]
[PlyCount "59"]
[GameId "2160767909305402"]
[EventDate "2013.07.20"]
[EventType "swiss"]
[EventRounds "4"]
[EventCountry "CAN"]

1. e4 g6 2. d4 Bg7 3. Nc3 c5 4. d5 d6 5. Be3 Nf6 6. Qd2 Qa5 7. f3 Bd7 8. Bh6 Bxh6 9. Qxh6 b5 10. Qd2 b4 11. Nd1 Na6 12. Ne3 Qb6 13. Bc4 Nc7 14. Ne2 a5 15. O-O O-O 16. Ng3 Nb5 17. f4 Ng4 18. Nxg4 Bxg4 19. f5 Kh8 20. h3 Bh5 21. Nxh5 gxh5 22. f6 exf6 23. Rxf6 Nd4 24. Raf1 Ra7 25. c3 bxc3 26. bxc3 Re7 27. cxd4 cxd4 28. Bd3 Qd8 29. Qh6 Re5 30. Rxf7 1-0

[Event "Mini-COQ"]
[Site "Montreal CAN"]
[Date "2013.07.20"]
[Round "2"]
[White "Dumoulin, Sylvain"]
[Black "Kozlov, Guennadi"]
[Result "0-1"]
[WhiteElo "1665"]
[BlackElo "1679"]
[PlyCount "48"]
[GameId "2160767909305403"]
[EventDate "2013.07.20"]
[EventType "swiss"]
[EventRounds "4"]
[EventCountry "CAN"]

1. Nc3 e5 2. e4 Nf6 3. g3 d5 4. exd5 Nxd5 5. Bg2 Nxc3 6. bxc3 Bd6 7. Rb1 c6 8. Ne2 O-O 9. O-O Nd7 10. f4 exf4 11. Nxf4 Ne5 12. d4 Ng4 13. Nd3 Qa5 14. Bf4 Bxf4 15. Rxf4 Ne3 16. Qd2 Nxg2 17. Kxg2 Qxa2 18. Rb3 Qa5 19. Qf2 Qd5+ 20. Kg1 b6 21. Ne5 f6 22. c4 Qd6 23. c5 bxc5 24. dxc5 Qxe5 0-1

[Event "Mini-COQ"]
[Site "Montreal CAN"]
[Date "2013.07.20"]
[Round "2"]
[White "Girard, Sylvain"]
[Black "Douyere, Nicolas"]
[Result "1-0"]
[WhiteElo "1699"]
[BlackElo "1763"]
[PlyCount "117"]
[GameId "2160767909305404"]
[EventDate "2013.07.20"]
[EventType "swiss"]
[EventRounds "4"]
[EventCountry "CAN"]

1. e4 c6 2. d4 d5 3. e5 Bf5 4. Nc3 e6 5. Be3 Qb6 6. Na4 Qb4+ 7. c3 Qa5 8. Be2 Nd7 9. b4 Qc7 10. Bd3 Ne7 11. Ne2 b6 12. Ng3 Bxd3 13. Qxd3 Ng6 14. O-O Be7 15. Nh5 O-O 16. f4 c5 17. f5 exf5 18. Qxf5 cxd4 19. cxd4 Qc6 20. b5 Qxb5 21. Nc3 Qc6 22. Rac1 Nh4 23. Qg4 Qg6 24. Qxg6 Nxg6 25. Nxd5 Rfc8 26. Nxe7+ Nxe7 27. Rxc8+ Rxc8 28. Rc1 Rxc1+ 29. Bxc1 Nc6 30. Bb2 b5 31. Nf4 a5 32. Nd5 a4 33. a3 Kf8 34. Kf2 f6 35. e6 Ndb8 36. Ke3 Na6 37. Ke4 Ke8 38. Bc3 Nd8 39. Kf5 Nb7 40. Nb4 Nc7 41. d5 Nd6+ 42. Kf4 Nc4 43. Kf5 Ke7 44. Nc6+ Kd6 45. Nb4 Ne3+ 46. Ke4 Nexd5 47. Nxd5 Nxd5 48. e7 Nxe7 49. Bb4+ Ke6 50. Kd4 Nc6+ 51. Kc5 Nxb4 52. Kxb4 Kd5 53. Kxb5 h5 54. Kxa4 Kc5 55. Kb3 g5 56. Kc3 h4 57. Kd3 f5 58. a4 g4 59. Ke3 1-0

[Event "Mini-COQ"]
[Site "Montreal CAN"]
[Date "2013.07.20"]
[Round "2"]
[White "Kay, Sang Kill"]
[Black "Perreault, Jacques"]
[Result "1-0"]
[WhiteElo "1345"]
[BlackElo "1454"]
[PlyCount "79"]
[GameId "2160767909305405"]
[EventDate "2013.07.20"]
[EventType "swiss"]
[EventRounds "4"]
[EventCountry "CAN"]

1. e4 d6 2. d4 Nf6 3. Bd3 Nc6 4. c3 e5 5. d5 Nb8 6. Bg5 h6 7. Bh4 g5 8. Bg3 Bg7 9. h4 g4 10. f3 h5 11. Nd2 a5 12. Qa4+ Nbd7 13. Bb5 O-O 14. b4 Nb6 15. Qc2 Bd7 16. Be2 axb4 17. cxb4 Bh6 18. b5 Ra4 19. Nc4 Qa8 20. fxg4 Nxc4 21. g5 Qa5+ 22. Kf2 Qb6+ 23. Ke1 Qa5+ 24. Kf2 Nxe4+ 25. Qxe4 Nd2 26. Qd3 Ne4+ 27. Kf1 Rd4 28. Qe3 f5 29. Be1 Rd2 30. gxh6 Rxe2 31. Nxe2 Qxb5 32. Kg1 Qxd5 33. Nc3 f4 34. Qxe4 Qc5+ 35. Bf2 Bf5 36. Bxc5 Bxe4 37. Nxe4 dxc5 38. Nxc5 b6 39. Nd7 Rf5 40. Re1 1-0

[Event "Mini-COQ"]
[Site "Montreal CAN"]
[Date "2013.07.20"]
[Round "2"]
[White "Labadie, Bernard"]
[Black "Zhang, Hou Han"]
[Result "0-1"]
[WhiteElo "1259"]
[BlackElo "1476"]
[PlyCount "44"]
[GameId "2160767909305406"]
[EventDate "2013.07.20"]
[EventType "swiss"]
[EventRounds "4"]
[EventCountry "CAN"]

1. e4 c5 2. Nf3 d6 3. c3 Nf6 4. Qc2 g6 5. d4 cxd4 6. Nxd4 Bg7 7. Bd3 O-O 8. O-O Nc6 9. f4 Qb6 10. Kh1 Nxd4 11. cxd4 Qxd4 12. Nd2 Bd7 13. Nf3 Qb6 14. Rb1 Rac8 15. Qe2 d5 16. Be3 Qc7 17. exd5 Nxd5 18. Bd4 Nxf4 19. Qd2 Nxd3 20. Bxg7 Kxg7 21. Qxd3 Qd6 22. Qe4 Bf5 0-1

[Event "Mini-COQ"]
[Site "Montreal CAN"]
[Date "2013.07.20"]
[Round "2"]
[White "Lalonde, Paul"]
[Black "Messier, David"]
[Result "0-1"]
[WhiteElo "1886"]
[BlackElo "1702"]
[PlyCount "84"]
[GameId "2160767909305407"]
[EventDate "2013.07.20"]
[EventType "swiss"]
[EventRounds "4"]
[EventCountry "CAN"]

1. e4 c5 2. Nf3 d6 3. d4 cxd4 4. Nxd4 Nf6 5. Nc3 a6 6. Bc4 e6 7. Bb3 Be7 8. O-O O-O 9. Be3 b5 10. f4 b4 11. e5 bxc3 12. exf6 Bxf6 13. bxc3 Qc7 14. Qd3 Bb7 15. Rad1 Nd7 16. Nf3 d5 17. Ng5 g6 18. Bd2 a5 19. a4 Ba6 20. Qh3 Bxg5 21. fxg5 Bxf1 22. Rxf1 Nc5 23. Rf4 Ne4 24. Rh4 f5 25. Rxe4 fxe4 26. Qxe6+ Qf7 27. Qxd5 Qxd5 28. Bxd5+ Kg7 29. c4 Rfd8 30. Bc3+ Kf8 31. Bxa8 Rxa8 32. Kf2 Rc8 33. Bxa5 Rxc4 34. c3 Rxa4 35. Bb4+ Kf7 36. Ke3 Ra2 37. Kxe4 Rxg2 38. Bd6 Rxg5 39. c4 Ke6 40. c5 Rd5 41. Kf4 h6 42. Bf8 Rf5+ 0-1

[Event "Mini-COQ"]
[Site "Montreal CAN"]
[Date "2013.07.20"]
[Round "2"]
[White "Liard, Serge"]
[Black "Lopez Linares, Lizandro"]
[Result "1/2-1/2"]
[WhiteElo "1969"]
[BlackElo "2095"]
[PlyCount "54"]
[GameId "2160767909305409"]
[EventDate "2013.07.20"]
[EventType "swiss"]
[EventRounds "4"]
[EventCountry "CAN"]

1. e4 c6 2. Nf3 d5 3. Nc3 dxe4 4. Nxe4 Bf5 5. Ng3 Bg6 6. Bc4 e6 7. h4 h6 8. Ne5 Bh7 9. d4 Nf6 10. Be3 Bd6 11. Qe2 O-O 12. O-O-O Nbd7 13. Nh5 Bxe5 14. dxe5 Nxh5 15. Qxh5 Qe7 16. f4 Rfd8 17. Bd3 Bxd3 18. Rxd3 Nc5 19. Rd6 Ne4 20. Rxd8+ Rxd8 21. Qf3 f5 22. exf6 Nxf6 23. Re1 Qb4 24. Qe2 Qe4 25. Bd2 Qxe2 26. Rxe2 Kf7 27. Bc3 h5 1/2-1/2

[Event "Mini-COQ"]
[Site "Montreal CAN"]
[Date "2013.07.20"]
[Round "2"]
[White "Montreuil, Carl"]
[Black "Joanis, Marc-Andre"]
[Result "0-1"]
[WhiteElo "1454"]
[BlackElo "1636"]
[PlyCount "108"]
[GameId "2160767909305410"]
[EventDate "2013.07.20"]
[EventType "swiss"]
[EventRounds "4"]
[EventCountry "CAN"]

1. e4 e5 2. Nf3 Nc6 3. Bb5 a6 4. Ba4 Nf6 5. Qe2 b5 6. Bb3 Be7 7. c3 d6 8. O-O O-O 9. Rd1 Na5 10. Bc2 c5 11. d3 Nc6 12. Nbd2 Re8 13. Nf1 Bf8 14. Ng3 g6 15. h3 Bb7 16. Be3 Qc7 17. Qd2 Kh8 18. Bh6 Bxh6 19. Qxh6 Ng8 20. Qe3 f6 21. Nh4 Qg7 22. Rf1 Rad8 23. Ne2 Qh6 24. Qg3 Bc8 25. Nf3 Be6 26. Nh2 Qd2 27. Bd1 Qxb2 28. f4 Qxa1 29. f5 gxf5 30. exf5 Qxa2 31. c4 bxc4 32. fxe6 cxd3 33. Nc3 Qxe6 34. Qxd3 c4 35. Qe3 Qf7 36. Ng4 Qa7 37. Qxa7 Nxa7 38. Ba4 Rf8 39. Nd5 Kg7 40. Nc7 Nb5 41. Nxa6 Nd4 42. Bc2 Nxc2 43. Nc7 Nd4 44. Nd5 Rc8 45. Nb6 c3 46. Ne3 c2 47. Nd7 c1=Q 48. Nxf8 Qxe3+ 49. Kh2 Kxf8 50. h4 Rc2 51. h5 Qe2 52. Rg1 Nf3+ 53. Kg3 Nxg1 54. h6 Qxg2+ 0-1

[Event "Mini-COQ"]
[Site "Montreal CAN"]
[Date "2013.07.20"]
[Round "2"]
[White "Sarrazin-Gendron, Roman"]
[Black "Khashper, Arkady"]
[Result "1/2-1/2"]
[WhiteElo "1928"]
[BlackElo "2121"]
[PlyCount "44"]
[GameId "2160767739316931"]
[EventDate "2013.07.20"]
[EventType "swiss"]
[EventRounds "4"]
[EventCountry "CAN"]

1. e4 e6 2. b3 d5 3. Bb2 dxe4 4. Nc3 f5 5. f3 exf3 6. Nxf3 Nf6 7. Bc4 c6 8. Qe2 Qd6 9. Ng5 Ng4 10. Bxe6 Bxe6 11. Nxe6 Kd7 12. Ng5 Qg6 13. Nf3 Bc5 14. O-O-O Re8 15. Qc4 Bd6 16. Rdf1 Na6 17. Nh4 Qe6 18. Qxe6+ Rxe6 19. Nxf5 Nxh2 20. Re1 Be5 21. g3 Ng4 22. Rxh7 Rf8 {...} 1/2-1/2

[Event "Mini-COQ"]
[Site "Montreal CAN"]
[Date "2013.07.20"]
[Round "2"]
[White "Turcotte, Jonathan"]
[Black "Tremblay, Alain"]
[Result "0-1"]
[WhiteElo "1985"]
[BlackElo "2095"]
[PlyCount "50"]
[GameId "2160767909305413"]
[EventDate "2013.07.20"]
[EventType "swiss"]
[EventRounds "4"]
[EventCountry "CAN"]

1. d4 e6 2. c4 Nf6 3. Nf3 d5 4. Nc3 Be7 5. Bg5 Nbd7 6. e3 O-O 7. Rc1 c6 8. Bd3 dxc4 9. Bxc4 Nd5 10. Bxe7 Qxe7 11. O-O Nxc3 12. Rxc3 e5 13. Bb3 exd4 14. exd4 Nf6 15. Re1 Qd6 16. Ne5 Be6 17. Bxe6 fxe6 18. Qb3 Nd5 19. Rh3 Nf4 20. Rhe3 b5 21. Nf3 Rf6 22. Ng5 Qxd4 23. Qc2 Rg6 24. Qxc6 Rf8 25. Nxe6 Nxe6 0-1

[Event "Mini-COQ"]
[Site "Montreal CAN"]
[Date "2013.07.20"]
[Round "2"]
[White "Turgeon, Yoakim"]
[Black "Khashper, Jonathan"]
[Result "1-0"]
[WhiteElo "1062"]
[BlackElo "852"]
[PlyCount "35"]
[GameId "2160767739316932"]
[EventDate "2013.07.20"]
[EventType "swiss"]
[EventRounds "4"]
[EventCountry "CAN"]

1. d4 d5 2. Nf3 Nf6 3. e3 Bg4 4. Bd3 Nc6 5. c3 e6 6. O-O Bd6 7. Nbd2 O-O 8. e4 dxe4 9. Nxe4 Nxe4 10. Bxe4 Qf6 11. Qd3 g6 12. Bg5 Qg7 13. Qd2 h6 14. Bxh6 Qh7 15. Bxc6 bxc6 16. Ne5 Bxe5 17. Bxf8 Rxf8 18. Qg5 {...} 1-0